000 00772nam a2200313 a 4500
003 AR-BaBNM
005 20251128204438.0
008 082120s2002 ||||||||||||||000 | spa||
020 _a950-13-9037-3
040 _cAR-BaBNM
245 0 0 _aActividades de expresión plástica y manual
_n2
260 _aBuenos Aires
_bKapelusz
_c1972
300 _a95 p.
_bil.
490 0 _aCómo hacer
500 _aLa presente obra no consigna autor alguno
650 4 _aARTE
650 4 _aARTESANIAS
650 4 _aEDUCACION ARTISTICA
650 4 _aEDUCACION ESTETICA
650 4 _aCULTURA
650 4 _aHUMANIDADES
650 4 _aMETALES
650 4 _aPINTURA
650 4 _aTEXTILES
650 4 _aMATERIALES
653 _aMANUALIDADES
942 _cBK
998 _cMAU
999 _c7452
_d7452